Представление документа в формате RUSMARC

ПолеНазваниеЗначение
  Тип записи a
  Библиографический уровень m
001 Контрольный номер 4781f1aa85f945c98a2aae939c4ba792
005 Дата корректировки 20260527145237.3
010 Индекс ISBN __
a ISBN 978-5-17-155181-0
b Уточнения в пер.
9 Тираж 4000 экз.
d Цена 576-00
100 Данные общей обработки __
a Данные общей обработки 20260525d2023 aemy0rusy890202 ca
101 Язык документа 1_
a Язык текста rus
c Язык оригинала fre
102 Страна публикации __
a Страна публикации RU
105 Кодированные данные (монография) __
a Кодированные данные (монография) y z 000ay
181 Поле кодированных данных: вид содержания _0
a Код вида содержания (ISBD) i
182 Поле кодированных данных: тип средства _0
a Код типа средства (ISBD) n
200 Заглавие и сведения об ответственности 1_
a Заглавие Собор Парижской Богоматери
e Сведения, относящиеся к заглавию [роман : для старшего школьного возраста]
f Первые сведения об ответственности Виктор Гюго
g Последующие сведения об ответственности перевод с французского Н. Коган
203 Вид содержания и тип средства __
a Вид содержания Текст
c Тип средства непосредственный
210 Выходные данные 1_
a Место издания Москва
c Издательство АСТ
d Дата издания 2023
215 Физическое описание __
a Объем 509, [2] с.
d Формат 21 см
225 Серия 2_
a Серия Школьное чтение
e Сведения, относящиеся к заглавию серии ШЧ
225 Серия 2_
a Серия Одобрено лучшими учителями
330 Аннотация __
a Аннотация "Собор Парижской Богоматери" - первый исторический роман на французском языке, написанный Гюго в период, когда сам собор находился в полнейшем упадке и власти Парижа решали его судьбу: снести памятник средневековой архитектуры или перестроить его. Публикация романа и его ошеломляющий успех позволили оставить собор в первозданном виде и начать реконструкцию здания. Действие книги разворачивается в XV веке. У молодой девушки цыганка выкрала маленькую дочь Эсмеральду, подбросив вместо родного ребенка страшненького уродца, которого девушка оставила у ворот собора. Квазимодо - так назвали подкидыша - взял к себе на воспитание священник, а Эсмеральда выросла у цыган.16 лет спустя жизненные пути героев пересекаются, но это не приносит им счастья. Роман Гюго о великих чувствах: любви и ревности, надежде и отчаянии, предательстве и преданности, которые разделяет вместе с героями вечно прекрасный Париж.
333 Примечание о целевом назначении __
a Примечание о целевом назначении 16+. Для детей старше 16 лет
606 Тематические рубрики __
a Основная рубрика Художественная литература
2 Код системы nlr_sh
606 Тематические рубрики __
a Основная рубрика Литература Европы (произведения)
y Географическая подрубрика Франция
z Хронологическая подрубрика 19 в.
2 Код системы nlr_sh
610 Ключевые слова 0_
a Ключевые слова драматические романы
610 Ключевые слова 0_
a Ключевые слова французская литература
610 Ключевые слова 0_
a Ключевые слова романы
610 Ключевые слова 0_
a Ключевые слова романтические драмы
610 Ключевые слова 0_
a Ключевые слова готические романы
610 Ключевые слова 0_
a Ключевые слова тема добра
610 Ключевые слова 0_
a Ключевые слова тема зла
610 Ключевые слова 0_
a Ключевые слова тема отверженных
686 Индексы других классификаций __
2 Код системы rubbks
a Классификационный индекс 84(4Фра)52-4; ст84(4Фра)-4
700 Автор _1
a Фамилия Гюго
f Даты 1802-1885
g Полное личное имя Виктор
4 Код отношения 070
b Имя В.
701 Альтернативная интеллектуальная ответственность _1
a Фамилия Коган
f Даты 1888-1966
g Полное личное имя Надежда Александровна
4 Код отношения 730
b Имя Н. А.
801 Источник записи _0
a Страна RU
b Организация Муниципальное бюджетное учреждение культуры "Централизованная библиотечная система" г. Сургут (Центральная городская библиотека им. А. С. Пушкина)
c Дата составления 20260525
g Правила каталогизации PSBO
801 Источник записи _1
a Страна RU
b Организация Муниципальное бюджетное учреждение культуры "Централизованная библиотечная система" г. Сургут (Центральная городская библиотека им. А. С. Пушкина)
c Дата составления 20260525
g Правила каталогизации PSBO
852 Данные о местонахождении __
i Авторский знак Г 99
j Шифр хранения 84(4Фра)52-4
900 Макрообъекты __
a Макрообъекты Собор Парижской Богоматери. Гюго, В., 2023
901 Тип документа __
a Ответственный ООФиК/Волкова
t Тип документа m
901 Тип документа __
a Ответственный 6 партия
903 Характеристики (МАРС) __
a Дата передачи 20260525
c Наименование библиотеки (МАРС) Муниципальное бюджетное учреждение культуры "Централизованная библиотечная система" г. Сургут (Центральная городская библиотека им. А. С. Пушкина)
969 Тип издания __
a Тип издания Ф 26
990 Данные о заказе (DOS) __
j Количество экземпляров (DOS) 2
t N записи в КСУ для И/У (DOS) 202606